000 00725cam a2200253 a 4500
001 12393492
003 DO-SdBNP
005 20231114130253.0
008 010427s2001 nyu 000 1 eng
020 _a0446527130
040 _aBPMSU
_bspa
_cBPMSU
082 4 _a813.5
_bB877e 2001
_222
100 1 _aBrown, Sandra,
_d1948-
245 1 0 _aEnvy /
_cSandra Brown.
260 _aNew York :
_bWarner Books,
_c2001.
300 _a490 p. ;
_c24 cm.
500 _3A novel by the # 1 new york times bestselling author
590 _aInventariado,. 2023/VM
650 4 _a Novela estadounidense
650 4 _aVenganza
_vNovela
655 7 _aSuspense fiction.
_2gsafd
910 _aVMateo V. Control de calidad. BPMSU
942 _2ddc
_cBK
999 _c14490
_d14490